00541nam a2200157 a 450000100100000000500170001000800410002704000250006810000350009324500680012826000360019630000200023204900090025295201050026199900170036600003167020200930063107.0110629s1988 dr 000 0 spa d aDO-SdBNPbspacBNPHU1 aValdez Holguin, Ninoska95796110aSentir: Impulso que mueve lo oculto /cNinoska Valdez Holguin,. aSanto Domingo :b[s.n.],c1988. a12 p. ;c22 cm. aBNPD 0010718PDaPDbPDcCTd2011-06-29iLF1l0o p31670-10r2020-06-25w2020-06-25yLFPDZNo se presta c31162d31162